| 000 | 01469nam a2200277 a 4500 | ||
|---|---|---|---|
| 001 | 00003877 | ||
| 003 | DO-SdBNP | ||
| 005 | 20180312082504.0 | ||
| 007 | 00003877 | ||
| 008 | 091118s2002 dr ac 000 0 spa d | ||
| 020 | _a9993487341 | ||
| 040 |
_aBNPHU _bspa _cBNPHU |
||
| 092 |
_axxxx _bxxxx |
||
| 245 | 0 | 0 |
_aAntología literaria 3 : _beducación media / _cselección Manuel García Cartagena ; ilustración Ruddy Núñez |
| 260 |
_aSanto Domingo : _bSantillana, _c2002. |
||
| 300 |
_a151 p. : _bil., retrs. ; _c28 cm. |
||
| 490 | 1 | _aUmbral | |
| 500 | _3Literatura española (siglo XX) conectada con literatura universal (siglo XX). | ||
| 505 | 0 |
_g1er. curso/ Segundo ciclo _gUnidad 1 _tEspaña en transición -- _gUnidad 2 _tPensadores españoles del novecentismo -- _gUnidad 3 _tLa lírica española de entreguerras -- _gUnidad 4 _tPoetas españoles de vanguardia -- _gUnidad 5 _tLetras española de la posguerra -- _gUnidad 6 _tLetras española contemporáneas -- _gUnidad 7 _tLetras de la " Belle epoque" -- _gUnidad 8 _tLetras de la época de entreguerras -- _gUnidad 9 _tGrandes novelistas alemanes -- _gUnidad 10 _tLetras francesas de la posguerra -- _gUnidad 11 _tLetras de la posguerra norteamericana -- _gUnidad 12 _tLetras europeas contemporáneas -- |
|
| 700 | 1 | 2 |
_aGarcía Cartagena, Manuel, _eed. |
| 700 | 1 | 2 |
_aNúñez, Ruddy , _eil. |
| 830 | 0 | _aUmbral | |
| 942 |
_2ddc _cBK |
||
| 945 | _ainventariado, 2018 / dg | ||
| 956 |
_aLOPEREZ _b10 _c20160421 _lBPMSU _h00041 |
||
| 999 |
_c9879 _d9879 |
||